| Tag |
First Indicator |
Second Indicator |
Subfields |
| LEADER |
00000pam a2200000 i 4500 |
| 001 |
in00000665321 |
| 005 |
20151015080244.0 |
| 008 |
790807s1980 nyua b 00110 eng |
| 010 |
|
|
|a 79019369
|
| 020 |
|
|
|a 0070241147
|
| 035 |
|
|
|a (OCoLC)05310694
|
| 035 |
|
|
|9 ACX6120AM
|
| 040 |
|
|
|a DLC
|c DLC
|d TXA
|d UtOrBLW
|
| 049 |
|
|
|a TXAM
|c [1384860]
|
| 050 |
0 |
0 |
|a TS156
|b .G7 1980
|
| 082 |
0 |
|
|a 658.5/68
|
| 100 |
1 |
|
|a Grant, Eugene Lodewick,
|d 1897-
|
| 245 |
1 |
0 |
|a Statistical quality control /
|c Eugene L. Grant, Richard S. Leavenworth.
|
| 250 |
|
|
|a 5th ed.
|
| 264 |
|
1 |
|a New York :
|b McGraw-Hill,
|c [1980]
|
| 264 |
|
4 |
|c ©1980
|
| 300 |
|
|
|a xiv, 684 pages :
|b illustrations ;
|c 25 cm.
|
| 336 |
|
|
|a text
|b txt
|2 rdacontent
|
| 337 |
|
|
|a unmediated
|b n
|2 rdamedia
|
| 338 |
|
|
|a volume
|b nc
|2 rdacarrier
|
| 500 |
|
|
|a Includes indexes.
|
| 504 |
|
|
|a Bibliography: pages 621-626.
|
| 650 |
|
0 |
|a Quality control
|x Statistical methods.
|
| 700 |
1 |
|
|a Leavenworth, Richard S.
|
| 999 |
|
|
|a MARS
|
| 999 |
f |
f |
|s 4f5224c0-69c7-3d86-ac3f-2547d2b83453
|i 076315ae-07de-3086-a1b9-4f391a991869
|t 0
|
| 952 |
f |
f |
|p ric
|a Texas A&M University
|b Rellis Campus
|c Joint Library Facility
|d Remote Storage
|t 0
|e TS156 .G7 1980
|h Library of Congress classification
|i unmediated -- volume
|m A14805638504
|
| 998 |
f |
f |
|a TS156 .G7 1980
|t 0
|l Remote Storage
|